|
|
|
|
| LEADER |
00830nab a2200241 i 4500 |
| 001 |
misc64308 |
| 005 |
20230512131111.0 |
| 008 |
230323s1954 hu o 0|| ger d |
| 040 |
|
|
|a SZTE Miscellanea Repozitórium
|b hun
|
| 041 |
|
|
|a ger
|
| 041 |
|
|
|a chi
|
| 100 |
1 |
|
|a Pritsak Omeljan
|
| 245 |
1 |
4 |
|a Die 24 ta-ch'ên
|h [elektronikus dokumentum] :
|b Studie zur Geschichte des Verwaltungsaufbaus der Hsiung-nu Reiche /
|c Pritsak Omeljan
|
| 260 |
|
|
|a [Harrassowitz]
|b [Wiesbaden]
|c 1954
|
| 300 |
|
|
|a 178-202
|c 24 cm
|
| 300 |
|
|
|a [25] p.
|c 24 cm
|
| 490 |
0 |
|
|a Oriens Extremus
|
| 561 |
|
|
|a Németh Gyula hagyaték
|
| 591 |
|
|
|a NOA 4694
|
| 650 |
|
4 |
|a Bölcsészettudományok
|
| 650 |
|
4 |
|a Történettudomány és régészet
|
| 695 |
|
|
|a Mongolok története
|
| 856 |
4 |
0 |
|u http://misc.bibl.u-szeged.hu/64308/1/4694_noa.pdf
|z Dokumentum-elérés
|